|
|
|
|
| LEADER |
00000naa2a2200000 4500 |
| 001 |
214027 |
| 005 |
20260115162016.0 |
| 035 |
|
|
|a (RuTPU)RU\TPU\book\233875
|
| 035 |
|
|
|a RU\TPU\book\232493
|
| 090 |
|
|
|a 214027
|
| 100 |
|
|
|a 20120419d2011 k y0rusy50 ca
|
| 101 |
0 |
|
|a rus
|
| 102 |
|
|
|a RU
|
| 135 |
|
|
|a drnn ---uucaa
|
| 181 |
|
0 |
|a i
|
| 182 |
|
0 |
|a b
|
| 200 |
1 |
|
|a Повышение чувствительности иммуноферментного анализа при диагностике нового возбудителя "чёрной ножки" картофеля
|f Нгуен Тхи Фыок Хань
|g науч. рук. А. Н. Карлов ; науч. рук. Ф. С. Джалилов
|
| 203 |
|
|
|a Текст
|c электронный
|
| 215 |
|
|
|a 1 файл (837 Кб)
|
| 300 |
|
|
|a Заглавие с экрана.
|
| 300 |
|
|
|a Электронная версия печатной публикации
|
| 337 |
|
|
|a Adobe Reader
|
| 463 |
|
1 |
|0 (RuTPU)RU\TPU\book\227679
|t Научная инициатива иностранных студентов и аспирантов российских вузов
|o сборник докладов IV Всероссийской научно-практической конференции, Томск, 19-21 мая 2011 г.
|f Ассоциация иностранных студентов в России (АИС) ; Национальный исследовательский Томский политехнический университет (ТПУ), Институт международного образования и языковой коммуникации (ИМОЯК)
|v [С. 368-369]
|d 2011
|
| 610 |
1 |
|
|a картофель
|
| 610 |
1 |
|
|a заболевания
|
| 610 |
1 |
|
|a чувствительность
|
| 610 |
1 |
|
|a восприимчивость
|
| 610 |
1 |
|
|a иммуноферментный анализ
|
| 610 |
1 |
|
|a бактерии
|
| 610 |
1 |
|
|a электронный ресурс
|
| 700 |
|
0 |
|a Нгуен Тхи Фыок Хань
|
| 702 |
|
1 |
|a Карлов
|b А. Н.
|4 727
|
| 702 |
|
1 |
|a Джалилов
|b Ф. С.
|4 727
|
| 801 |
|
1 |
|a RU
|b 63413507
|c 20120301
|
| 801 |
|
2 |
|a RU
|b 63413507
|c 20130131
|g RCR
|
| 856 |
4 |
|
|u http://www.lib.tpu.ru/fulltext/v/Conferences/2011/K04/114103.pdf
|
| 942 |
|
|
|c CF
|